000 01070cam a2200277 a 4500
001 1686902
005 20170105102858.0
008 990707s2000 at a b 001 0 eng
010 _a 99039354
020 _a0534358780
040 _aDLC
_cDLC
_dDLC
050 0 0 _aBF637.C6
_bK678 2000
082 0 0 _a616.89/14
_221
100 1 _aKottler, Jeffrey A.
245 1 0 _aIntroduction to therapeutic counseling :
_bvoices from the field /
_cJeffrey A. Kottler, Robert W. Brown.
246 3 0 _aTherapeutic counseling
250 _a4th ed.
260 _aAustralia ;
_aBelmont, CA :
_bBrooks/Cole Thomson Learning,
_c2000.
300 _axx, 442 p. :
_bill. ;
_c24 cm.
504 _aIncludes bibliographical references (p. 405-427) and index.
650 0 _aCounseling.
700 1 _aBrown, Robert W.,
_d1943-
906 _a7
_bcbc
_corignew
_d1
_eocip
_f19
_gy-gencatlg
942 _2ddc
_cBK
999 _c14585
_d14585